| 000 | 00632nam a22002057a 4500 | ||
|---|---|---|---|
| 999 |
_c16059 _d16059 |
||
| 003 | AR-CdUCM | ||
| 008 | 190430b ||||| |||| 00| 0 spa d | ||
| 040 |
_aMUNICIPALIDAD PROVINCIAL DEL CUSCO _cBIBLIOTECA MUNICIPAL DEL CUSCO |
||
| 082 |
_a869.56 / _bG93 |
||
| 100 |
_aGuevara Paredes, Mario _96574 |
||
| 245 | _aCazador de gringas & otros cuentos / | ||
| 260 |
_aLima : _bMunicipalidad del Qosqo, _c1994. |
||
| 300 |
_a87 paginas ; _c22 cm. |
||
| 505 | _aContenido : Cuentos / | ||
| 650 |
_aLiteratura peruana _9169 |
||
| 650 |
_aCuentos _9217 |
||
| 650 |
_aSigloXX _92896 |
||
| 942 |
_2ddc _cLIBROS |
||
| 945 |
_arjall _d2019-04-30 |
||